[Event "Dresden ZMD op-B 21st"]
[Site "Dresden"]
[Date "2012.08.24"]
[Round "7"]
[White "Kiessling, Andreas"]
[Black "Walz, Robert"]
[Result "1/2-1/2"]
[WhiteElo "1912"]
[BlackElo "1962"]
[PlyCount "118"]
[EventDate "2012.08.18"]
[EventType "swiss"]
[EventRounds "9"]
[EventCountry "GER"]
[SourceTitle "CBM 150 Extra"]
[Source "ChessBase"]
[SourceDate "2012.10.19"]
[SourceVersion "1"]
[SourceVersionDate "2012.10.19"]
[SourceQuality "1"]

1. Nf3 Nf6 2. g3 d5 3. Bg2 e6 4. 0-0 Be7 5. d3 0-0 6. Nbd2 c5 7. e4 Nc6 8. Re1 b5 9. c3 a5 10. a4 dxe4 11. dxe4 Ba6 12. axb5 Bxb5 13. Bf1 Bxf1 14. Rxf1 Qc7 15. Qe2 Nd7 16. Nc4 Nb6 17. Bf4 Qa7 18. Nfe5 Nxe5 19. Nxe5 Rfc8 20. Rfd1 f6 21. Nf3 e5 22. Be3 Qb7 23. Nd2 Qc6 24. f3 c4 25. Kg2 Na4 26. Nf1 Rab8 27. Bc1 Rd8 28. Rxd8+ Rxd8 29. Qc2 Nc5 30. Rxa5 Nd3 31. Kh3 Qe8 32. g4 h5 33. Be3 hxg4+ 34. fxg4 Qg6 35. Qg2 Rb8 36. Ra2 Bc5 37. Qf3 Qh7+ 38. Kg3 Bxe3 39. Nxe3 Nxb2 40. Nd5 Nd3 41. Ra7 Qh6 42. Qf5 Nf4 43. Nxf4 Qxf4+ 44. Qxf4 exf4+ 45. Kxf4 Rb3 46. Kf5 Kh7 47. g5 fxg5 48. Kxg5 Rxc3 49. e5 Rb3 50. Kf4 Rb2 51. Rc7 Rxh2 52. Kf5 Rf2+ 53. Ke6 Rf4 54. Kd5 Kg8 55. Rxc4 Rxc4 56. Kxc4 Kf7 57. Kd5 Ke7 58. e6 g5 59. Ke5 g4 1/2-1/2

[Event "Dresden ZMD op-B 21st"]
[Site "Dresden"]
[Date "2012.08.20"]
[Round "3"]
[White "Poessel, Christian"]
[Black "Walz, Robert"]
[Result "0-1"]
[WhiteElo "1929"]
[BlackElo "1962"]
[PlyCount "32"]
[EventDate "2012.08.18"]
[EventType "swiss"]
[EventRounds "9"]
[EventCountry "GER"]
[SourceTitle "CBM 150 Extra"]
[Source "ChessBase"]
[SourceDate "2012.10.19"]
[SourceVersion "1"]
[SourceVersionDate "2012.10.19"]
[SourceQuality "1"]

1. d4 d5 2. c4 dxc4 3. e4 b5 4. a4 c6 5. b3 e5 6. axb5 Bb4+ 7. Bd2 Qxd4 8. Ra4 Bc5 9. Be3 Qxd1+ 10. Kxd1 Bxe3 11. fxe3 cxb3 12. Rb4 Be6 13. Nd2 c5 14. Ra4 Nd7 15. Ra3 Ngf6 16. Bd3 Nb6 0-1

[Event "Dresden ZMD op-B 21st"]
[Site "Dresden"]
[Date "2012.08.19"]
[Round "2"]
[White "Walz, Robert"]
[Black "Schamschurko, Andre"]
[Result "1-0"]
[WhiteElo "1962"]
[BlackElo "1520"]
[PlyCount "23"]
[EventDate "2012.08.18"]
[EventType "swiss"]
[EventRounds "9"]
[EventCountry "GER"]
[SourceTitle "CBM 150 Extra"]
[Source "ChessBase"]
[SourceDate "2012.10.19"]
[SourceVersion "1"]
[SourceVersionDate "2012.10.19"]
[SourceQuality "1"]

1. e4 e6 2. d4 d5 3. Nc3 Bb4 4. Nge2 b6 5. exd5 exd5 6. a3 Be7 7. Ng3 g6 8. Bf4 c6 9. Qd2 Ba6 10. Bxa6 Nxa6 11. Qe2 Nc7 12. Qe5 1-0

[Event "Dresden ZMDI Blitz"]
[Site "Dresden"]
[Date "2011.08.14"]
[Round "9"]
[White "Kuehnast, Volker"]
[Black "Walz, Robert"]
[Result "1-0"]
[WhiteElo "1898"]
[BlackElo "2067"]
[PlyCount "93"]
[EventDate "2011.08.06"]
[EventType "swiss (blitz)"]
[EventRounds "9"]
[EventCountry "GER"]
[SourceTitle "EXT 2022"]
[Source "ChessBase"]
[SourceDate "2021.10.06"]
[SourceVersion "1"]
[SourceVersionDate "2021.10.06"]
[SourceQuality "1"]

1. e4 c5 2. Nf3 d6 3. Bb5+ Bd7 4. Bxd7+ Qxd7 5. 0-0 Nc6 6. c3 d5 7. d3 dxe4 8. dxe4 Rd8 9. Qxd7+ Rxd7 10. Bf4 Nf6 11. Nbd2 e6 12. Rfe1 Be7 13. Nc4 0-0 14. h3 Rdd8 15. a4 h6 16. Nfe5 Nxe5 17. Bxe5 Rd3 18. Bxf6 Bxf6 19. Kf1 Rfd8 20. Ke2 a6 21. Rad1 Rxd1 22. Rxd1 Rxd1 23. Kxd1 b5 24. axb5 axb5 25. Nd6 b4 26. Kc2 Kf8 27. Nb7 Be7 28. Kb3 Ke8 29. Kc4 bxc3 30. bxc3 Kd7 31. Nxc5+ Kc6 32. Nd3 f6 33. Nf4 Kd6 34. f3 g5 35. Nd3 h5 36. Kb5 f5 37. Kb6 g4 38. c4 Kd7 39. Kb7 Bd8 40. c5 Ba5 41. hxg4 hxg4 42. Ne5+ Ke7 43. c6 Kd6 44. Nd7 gxf3 45. gxf3 f4 46. Nb6 Bxb6 47. Kxb6 1-0

[Event "Dresden ZMDI Blitz"]
[Site "Dresden"]
[Date "2011.08.11"]
[Round "6"]
[White "Walther, Jakob"]
[Black "Walz, Robert"]
[Result "0-1"]
[WhiteElo "1940"]
[BlackElo "2067"]
[PlyCount "90"]
[EventDate "2011.08.06"]
[EventType "swiss (blitz)"]
[EventRounds "9"]
[EventCountry "GER"]
[SourceTitle "EXT 2022"]
[Source "ChessBase"]
[SourceDate "2021.10.06"]
[SourceVersion "1"]
[SourceVersionDate "2021.10.06"]
[SourceQuality "1"]

1. d4 d5 2. c4 dxc4 3. Nc3 c6 4. a4 e5 5. e3 exd4 6. exd4 Be6 7. Nf3 Nf6 8. Be2 Bb4 9. 0-0 0-0 10. Bg5 h6 11. Bh4 Nbd7 12. Ne5 Nxe5 13. dxe5 Qxd1 14. Rfxd1 Bxc3 15. bxc3 Ne4 16. Rd4 Nxc3 17. Bxc4 g5 18. Bg3 c5 19. Bxe6 Ne2+ 20. Kf1 Nxg3+ 21. hxg3 cxd4 22. Bd5 Rab8 23. Ke2 Rfd8 24. Bc4 Rbc8 25. Kd3 Rc5 26. f4 Kg7 27. Rb1 b6 28. Rc1 Kg6 29. Ke4 d3 30. f5+ Kg7 31. e6 f6 32. e7 Re5+ 33. Kf3 Rxe7 34. Be6 d2 35. Rd1 Rc7 36. Ke2 Rc2 37. g4 Rd4 38. Ke3 Rxg4 39. Rxd2 Rxd2 40. Kxd2 Rxg2+ 41. Ke3 h5 42. Kf3 Rg4 43. Bd7 Rf4+ 44. Kg2 Kf8 45. Be6 Rxa4 0-1

[Event "Dresden ZMDI Blitz"]
[Site "Dresden"]
[Date "2011.08.10"]
[Round "5"]
[White "Walz, Robert"]
[Black "Kiessling, Andreas"]
[Result "0-1"]
[WhiteElo "2067"]
[BlackElo "2001"]
[PlyCount "104"]
[EventDate "2011.08.06"]
[EventType "swiss (blitz)"]
[EventRounds "9"]
[EventCountry "GER"]
[SourceTitle "EXT 2022"]
[Source "ChessBase"]
[SourceDate "2021.10.06"]
[SourceVersion "1"]
[SourceVersionDate "2021.10.06"]
[SourceQuality "1"]

1. e4 c5 2. Nf3 d6 3. d4 cxd4 4. Nxd4 Nf6 5. Nc3 a6 6. Be2 e6 7. Be3 Be7 8. Qd2 0-0 9. f4 Qc7 10. 0-0-0 b5 11. a3 Bb7 12. Bf3 Nbd7 13. g4 Nb6 14. Qf2 Nc4 15. Nde2 Rac8 16. Kb1 d5 17. exd5 Nxd5 18. Bxd5 Nxe3 19. Qxe3 Bxd5 20. Nxd5 Qxc2+ 21. Ka1 exd5 22. Rc1 Qe4 23. Qxe4 dxe4 24. Nc3 e3 25. h4 Rfe8 26. f5 Bf6 27. g5 Bxc3 28. bxc3 Rc5 29. f6 gxf6 30. gxf6 Rf5 31. Rhg1+ Kf8 32. Rgf1 Rxf1 33. Rxf1 Re6 34. Re1 e2 35. Kb2 Ke8 36. Kc2 Kd7 37. Kd2 h5 38. Rxe2 Rxe2+ 39. Kxe2 Ke6 40. Kf3 Kf5 41. Ke3 Kg4 42. Ke4 Kxh4 43. Kf4 a5 44. Kf5 Kg3 45. Kg5 h4 46. Kh6 h3 47. Kg7 h2 48. Kxf7 h1Q 49. Kg8 Qd5+ 50. f7 Qg5+ 51. Kh8 Qf6+ 52. Kg8 Qg6+ 0-1

[Event "Dresden ZMDI Blitz"]
[Site "Dresden"]
[Date "2011.08.08"]
[Round "3"]
[White "Walz, Robert"]
[Black "Peil, Christoph"]
[Result "1-0"]
[WhiteElo "2067"]
[BlackElo "1916"]
[PlyCount "59"]
[EventDate "2011.08.06"]
[EventType "swiss (blitz)"]
[EventRounds "9"]
[EventCountry "GER"]
[SourceTitle "EXT 2022"]
[Source "ChessBase"]
[SourceDate "2021.10.06"]
[SourceVersion "1"]
[SourceVersionDate "2021.10.06"]
[SourceQuality "1"]

1. e4 c5 2. Nf3 d6 3. d4 cxd4 4. Nxd4 Nf6 5. Nc3 a6 6. Bg5 Nbd7 7. f4 e6 8. Qf3 Qc7 9. Bd3 Be7 10. 0-0-0 h6 11. Bh4 g5 12. fxg5 Ne5 13. Qe2 Nfg4 14. Kb1 hxg5 15. Bg3 Bd7 16. h3 Nf6 17. Rhf1 0-0-0 18. Nb3 Rdg8 19. Bxe5 dxe5 20. Rf3 g4 21. hxg4 Be8 22. Bxa6 bxa6 23. Qxa6+ Qb7 24. Qa5 Bc6 25. Na4 Rd8 26. Rdf1 Nd7 27. Nc3 Kb8 28. Nc5 Qa7 29. Na6+ Kb7 30. Qc7+ 1-0

[Event "Bayern-chB 80th"]
[Site "Immenstadt"]
[Date "2009.08.28"]
[Round "7"]
[White "Strobel, Norbert"]
[Black "Walz, Robert"]
[Result "1-0"]
[WhiteElo "1947"]
[BlackElo "1919"]
[PlyCount "61"]
[EventDate "2009.08.22"]
[EventType "swiss"]
[EventRounds "9"]
[EventCountry "GER"]
[SourceTitle "EXT 2015"]
[Source "ChessBase"]
[SourceDate "2014.11.20"]
[SourceVersion "1"]
[SourceVersionDate "2014.11.20"]
[SourceQuality "1"]

1. d4 d5 2. Nf3 Nf6 3. e3 e6 4. Bd3 c5 5. c3 Nc6 6. Ne5 Qc7 7. f4 Be7 8. Nd2 0-0 9. 0-0 c4 10. Bc2 b5 11. a3 Bb7 12. g4 g6 13. Rf2 a5 14. h4 h5 15. gxh5 Nxh5 16. Rg2 Ng7 17. Nxc6 Bxc6 18. h5 gxh5 19. Qxh5 f5 20. Nf3 Bf6 21. Qh6 Rf7 22. Kf2 Qd8 23. Bd2 Kf8 24. Rag1 Raa7 25. Bd1 Ke8 26. Ng5 Bxg5 27. Rxg5 Qe7 28. Be1 Rc7 29. Kf1 Qf8 30. Bh5 Nxh5 31. Rg8 1-0

[Event "Bayern-chB 80th"]
[Site "Immenstadt"]
[Date "2009.08.23"]
[Round "2"]
[White "Braeu, Ludwig"]
[Black "Walz, Robert"]
[Result "0-1"]
[WhiteElo "1866"]
[BlackElo "1919"]
[PlyCount "62"]
[EventDate "2009.08.22"]
[EventType "swiss"]
[EventRounds "9"]
[EventCountry "GER"]
[SourceTitle "EXT 2015"]
[Source "ChessBase"]
[SourceDate "2014.11.20"]
[SourceVersion "1"]
[SourceVersionDate "2014.11.20"]
[SourceQuality "1"]

1. c4 c5 2. Nf3 Nf6 3. d4 cxd4 4. Nxd4 Nc6 5. Nc3 Qb6 6. Nb3 e6 7. e4 Bb4 8. Be3 Qc7 9. Bd3 Ne5 10. 0-0 Bxc3 11. bxc3 Nxc4 12. Bg5 Nb2 13. Qc2 Nxd3 14. Qxd3 Qe5 15. Bxf6 Qxf6 16. Qd6 Qe7 17. Rfd1 b6 18. Rd2 Qxd6 19. Rxd6 Bb7 20. f3 Ke7 21. Rad1 Rhd8 22. c4 Rac8 23. c5 bxc5 24. Na5 Bc6 25. a3 f6 26. Kf2 Ba4 27. R1d2 Rc7 28. R6d3 c4 29. Rc3 Rdc8 30. Rd4 Bb5 31. Ke3 Ba6 0-1

[Event "Bayern-chB 80th"]
[Site "Immenstadt"]
[Date "2009.08.22"]
[Round "1"]
[White "Walz, Robert"]
[Black "Thonig, Manfred"]
[Result "1-0"]
[WhiteElo "1919"]
[BlackElo "1544"]
[PlyCount "87"]
[EventDate "2009.08.22"]
[EventType "swiss"]
[EventRounds "9"]
[EventCountry "GER"]
[SourceTitle "EXT 2015"]
[Source "ChessBase"]
[SourceDate "2014.11.20"]
[SourceVersion "1"]
[SourceVersionDate "2014.11.20"]
[SourceQuality "1"]

1. e4 g6 2. d4 d6 3. Nf3 Nf6 4. Nc3 Bg7 5. Be2 0-0 6. 0-0 Nbd7 7. Re1 b6 8. e5 dxe5 9. dxe5 Ng4 10. e6 fxe6 11. Bc4 Nc5 12. Qxd8 Rxd8 13. Bf4 c6 14. h3 Bxc3 15. bxc3 Nf6 16. Nd4 Bd7 17. Nxe6 Bxe6 18. Bxe6+ Nxe6 19. Rxe6 Kf7 20. Rae1 Rd7 21. Rxc6 Nd5 22. Bg5 Re8 23. Rc4 Rc7 24. Ree4 Nxc3 25. Rf4+ Ke6 26. Rxc7 Ne2+ 27. Kf1 Nxf4 28. Bxf4 Kf5 29. Be3 Ke6 30. Rxa7 Rc8 31. Bxb6 Rxc2 32. a4 Rc1+ 33. Ke2 Rb1 34. a5 Rb5 35. Kd3 h5 36. Kc4 Rb1 37. h4 Rc1+ 38. Kb5 Kd6 39. Ra8 Rb1+ 40. Ka6 Ke6 41. Kb7 Rd1 42. Rc8 Ra1 43. a6 Kd7 44. Rc5 1-0

[Event "Bad Woerishofen op 24th"]
[Site "Bad Woerishofen"]
[Date "2008.03.05"]
[Round "7"]
[White "Walz, Robert"]
[Black "Jaenig, Reinhard"]
[Result "0-1"]
[WhiteElo "1961"]
[BlackElo "2043"]
[PlyCount "88"]
[EventDate "2008.02.28"]
[EventType "swiss"]
[EventRounds "9"]
[EventCountry "GER"]
[SourceTitle "EXT 2022"]
[Source "ChessBase"]
[SourceDate "2021.10.06"]
[SourceVersion "1"]
[SourceVersionDate "2021.10.06"]
[SourceQuality "1"]

1. e4 c5 2. Nf3 e6 3. d4 cxd4 4. Nxd4 a6 5. Bd3 Qc7 6. Be3 Nf6 7. 0-0 b5 8. a4 bxa4 9. c4 Bb7 10. Nc3 a3 11. bxa3 Nc6 12. Rb1 Be7 13. Re1 0-0 14. Nf3 Ng4 15. Bb6 Qf4 16. h3 Nge5 17. Nxe5 Qxe5 18. Na4 Rab8 19. Be3 Bxa3 20. f4 Qd6 21. e5 Qe7 22. Qh5 g6 23. Qh6 f6 24. Rb3 f5 25. Reb1 Ba8 26. Kh2 Rxb3 27. Rxb3 Rb8 28. Nb6 Qf8 29. Qh4 Be7 30. Qf2 Qd8 31. Qa2 a5 32. Qa4 Bb4 33. Be2 Rxb6 34. Bxb6 Qxb6 35. Bf3 Bb7 36. Rd3 Nb8 37. Qd1 Bxf3 38. Qxf3 Kf7 39. Qg3 Be7 40. Qf3 Qc6 41. Qe3 Qxc4 42. Qd2 Bb4 43. Qe3 Qe4 44. Qg3 Be1 0-1

[Event "Donau op 15th"]
[Site "Aschach"]
[Date "2006.12.27"]
[Round "2"]
[White "Walz, Robert"]
[Black "Videki, Sandor"]
[Result "1/2-1/2"]
[WhiteElo "2023"]
[BlackElo "2426"]
[PlyCount "37"]
[EventDate "2006.12.26"]
[EventType "swiss"]
[EventRounds "7"]
[EventCountry "AUT"]
[SourceTitle "EXT 2008"]
[Source "ChessBase"]
[SourceDate "2007.11.25"]
[SourceVersion "1"]
[SourceVersionDate "2007.11.25"]
[SourceQuality "1"]

1. e4 c5 2. Nf3 d6 3. d4 cxd4 4. Nxd4 Nf6 5. Nc3 Nc6 6. Bc4 e6 7. Be3 a6 8. Qe2 Qc7 9. 0-0 Na5 10. Bd3 Be7 11. f4 Bd7 12. Rae1 Rc8 13. Kh1 0-0 14. Nf3 e5 15. fxe5 dxe5 16. Bg5 Be6 17. Nd5 Nxd5 18. exd5 Bxd5 19. Qxe5 1/2-1/2

[Event "Seefeld op 17th"]
[Site "Seefeld"]
[Date "2006.09.29"]
[Round "7"]
[White "Walz, Robert"]
[Black "Sickinger, Wolfgang"]
[Result "1-0"]
[WhiteElo "1984"]
[BlackElo "1644"]
[PlyCount "65"]
[EventDate "2006.09.23"]
[EventType "swiss"]
[EventRounds "9"]
[EventCountry "AUT"]
[SourceTitle "EXT 2009"]
[Source "ChessBase"]
[SourceDate "2008.11.26"]
[SourceVersion "1"]
[SourceVersionDate "2008.11.26"]
[SourceQuality "1"]

1. e4 c5 2. Nf3 Nc6 3. d4 cxd4 4. Nxd4 Nf6 5. Nc3 e5 6. Ndb5 d6 7. Bg5 a6 8. Na3 b5 9. Bxf6 gxf6 10. Nd5 Bg7 11. Qd3 Ne7 12. 0-0-0 Bb7 13. Kb1 Nxd5 14. exd5 0-0 15. g4 Re8 16. Qe4 Rc8 17. c3 Qb6 18. Bd3 Rc5 19. Qxh7+ Kf8 20. Be4 b4 21. cxb4 Qxb4 22. Nc2 Qa5 23. Ne3 Qb4 24. a3 Qa4 25. f3 Bc8 26. Rhg1 Bd7 27. Nf5 Bxf5 28. gxf5 Rb8 29. Qxg7+ Ke7 30. Qg2 Qxa3 31. Rd3 Qa4 32. Qf2 Ra5 33. Qa7+ 1-0

[Event "Seefeld op 17th"]
[Site "Seefeld"]
[Date "2006.09.28"]
[Round "6"]
[White "Laux, Dieter"]
[Black "Walz, Robert"]
[Result "0-1"]
[WhiteElo "1228"]
[BlackElo "1984"]
[PlyCount "82"]
[EventDate "2006.09.23"]
[EventType "swiss"]
[EventRounds "9"]
[EventCountry "AUT"]
[SourceTitle "EXT 2009"]
[Source "ChessBase"]
[SourceDate "2008.11.26"]
[SourceVersion "1"]
[SourceVersionDate "2008.11.26"]
[SourceQuality "1"]

1. e4 e5 2. Nc3 Nf6 3. Bc4 Nc6 4. d3 Na5 5. a4 Nxc4 6. dxc4 Bb4 7. Nge2 d6 8. Bg5 Be6 9. Qd3 h6 10. Bh4 c6 11. 0-0-0 Qa5 12. f3 Nd7 13. Bf2 0-0 14. b3 a6 15. Nb1 Nc5 16. Bxc5 Bxc5 17. Qd2 Qb6 18. Qc3 Rfd8 19. Rd3 Bb4 20. Qb2 Qf2 21. c3 Bc5 22. Qd2 Qxg2 23. Rd1 Qxh2 24. b4 Bb6 25. c5 dxc5 26. bxc5 Rxd3 27. Qxd3 Rd8 28. Qxd8+ Bxd8 29. Rxd8+ Kh7 30. Kd2 Bc4 31. Rd3 Bxd3 32. Kxd3 h5 33. Nd2 h4 34. Ke3 Qg2 35. f4 exf4+ 36. Nxf4 Qg3+ 37. Nf3 g5 38. Ne2 Qg2 39. Ne1 Qh3+ 40. Kf2 g4 41. Ng2 Qf3+ 0-1

[Event "Seefeld op 17th"]
[Site "Seefeld"]
[Date "2006.09.26"]
[Round "4"]
[White "Schueler, Wolfgang"]
[Black "Walz, Robert"]
[Result "1-0"]
[WhiteElo "2073"]
[BlackElo "1984"]
[PlyCount "81"]
[EventDate "2006.09.23"]
[EventType "swiss"]
[EventRounds "9"]
[EventCountry "AUT"]
[SourceTitle "EXT 2009"]
[Source "ChessBase"]
[SourceDate "2008.11.26"]
[SourceVersion "1"]
[SourceVersionDate "2008.11.26"]
[SourceQuality "1"]

1. e4 e5 2. Nf3 Nc6 3. Bb5 a6 4. Ba4 Nf6 5. 0-0 Nxe4 6. d4 b5 7. Bb3 d5 8. dxe5 Be6 9. c3 Bc5 10. Nbd2 0-0 11. Qe2 Bf5 12. a4 b4 13. c4 Nxd2 14. Nxd2 Nd4 15. Qe3 Bg4 16. Kh1 Be2 17. Re1 Nc2 18. Qxc5 Nxe1 19. Qe3 dxc4 20. Qxe2 cxb3 21. Qxe1 Re8 22. f4 Qd3 23. Nf3 Qc2 24. Nd4 Qc4 25. Be3 c5 26. Rc1 Qd5 27. Nf5 Qd7 28. Nd6 Re6 29. Bxc5 Qxa4 30. Qxb4 Qa2 31. Bd4 Rf8 32. h3 a5 33. Qb5 a4 34. Qb4 Ra8 35. Qb7 Rf8 36. Nc4 Rg6 37. Kh2 h5 38. f5 Rg5 39. Qd7 h4 40. e6 fxe6 41. fxe6 1-0

[Event "Seefeld op 17th"]
[Site "Seefeld"]
[Date "2006.09.23"]
[Round "1"]
[White "Walz, Robert"]
[Black "Ballon, Guenther Jan"]
[Result "0-1"]
[WhiteElo "1984"]
[BlackElo "2184"]
[PlyCount "64"]
[EventDate "2006.09.23"]
[EventType "swiss"]
[EventRounds "9"]
[EventCountry "AUT"]
[SourceTitle "EXT 2009"]
[Source "ChessBase"]
[SourceDate "2008.11.26"]
[SourceVersion "1"]
[SourceVersionDate "2008.11.26"]
[SourceQuality "1"]

1. e4 c5 2. Nf3 e6 3. d4 cxd4 4. Nxd4 Nf6 5. Nc3 Nc6 6. Ndb5 Bb4 7. a3 Bxc3+ 8. Nxc3 d5 9. exd5 exd5 10. Bf4 0-0 11. Be2 a6 12. 0-0 d4 13. Nb1 Qb6 14. Nd2 Be6 15. b3 Nd5 16. Nc4 Qd8 17. Qd2 b5 18. Ne5 Nxf4 19. Qxf4 Qc7 20. Nd3 Qxf4 21. Nxf4 Bf5 22. g4 Bxc2 23. Rac1 d3 24. Bf3 Nd4 25. Bxa8 Rxa8 26. Rfd1 Nxb3 27. Rb1 Bxb1 28. Rxb1 d2 29. Nd3 Nc1 30. Nb2 Re8 31. Kg2 Re1 32. a4 g6 0-1

[Event "Bayern-chB 77th"]
[Site "Bad Woerishofen"]
[Date "2006.08.28"]
[Round "4"]
[White "Walz, Robert"]
[Black "Straub, Peter"]
[Result "1/2-1/2"]
[WhiteElo "1803"]
[BlackElo "1992"]
[PlyCount "42"]
[EventDate "2006.08.26"]
[EventType "swiss"]
[EventRounds "9"]
[EventCountry "GER"]
[SourceTitle "EXT 2015"]
[Source "ChessBase"]
[SourceDate "2014.11.20"]
[SourceVersion "1"]
[SourceVersionDate "2014.11.20"]
[SourceQuality "1"]

1. e4 c5 2. Nf3 e6 3. d4 cxd4 4. Nxd4 a6 5. Bd3 Nf6 6. 0-0 d6 7. Be3 Be7 8. f4 Qc7 9. Qf3 Nbd7 10. Nc3 0-0 11. g4 Nc5 12. g5 Nfd7 13. Qh5 g6 14. Qh6 Re8 15. Rf3 Bf8 16. Qh4 Bg7 17. f5 exf5 18. exf5 Nxd3 19. fxg6 hxg6 20. cxd3 Ne5 21. Rg3 Ng4 1/2-1/2

[Event "Bad Ems op"]
[Site "Bad Ems"]
[Date "2006.03.06"]
[Round "4"]
[White "Walz, Robert"]
[Black "Tepe, Josef"]
[Result "0-1"]
[WhiteElo "2023"]
[BlackElo "2103"]
[PlyCount "74"]
[EventDate "2006.03.04"]
[EventType "swiss"]
[EventRounds "9"]
[EventCountry "GER"]
[SourceTitle "EXT 2007"]
[Source "ChessBase"]
[SourceDate "2006.11.23"]
[SourceVersion "1"]
[SourceVersionDate "2006.11.23"]
[SourceQuality "1"]

1. e4 c5 2. Nf3 e6 3. d4 cxd4 4. Nxd4 Nc6 5. Nb5 d6 6. Bf4 e5 7. Bg5 Qxg5 8. Nc7+ Kd8 9. Nxa8 Bg4 10. f3 Qe3+ 11. Be2 Be6 12. Nc3 Nd4 13. Qd3 Qxd3 14. Bxd3 Kc8 15. Nd5 Bxd5 16. exd5 g6 17. Kf2 Nf5 18. f4 f6 19. a4 Kb8 20. Nb6 axb6 21. a5 Nge7 22. a6 bxa6 23. Rxa6 Nc8 24. Rha1 Nfe7 25. Bb5 Nxd5 26. Ra8+ Kc7 27. R1a4 Nde7 28. Ba6 d5 29. Ra3 Bg7 30. Rc3+ Kd7 31. Bb5+ Ke6 32. Rc7 exf4 33. Bd7+ Kd6 34. Rb7 f5 35. Bxc8 Bd4+ 36. Kf3 Rxc8 37. c3 Rxa8 0-1

[Event "Dresden ZMD op"]
[Site "Dresden"]
[Date "2005.07.24"]
[Round "2"]
[White "Walz, Robert"]
[Black "Postny, Evgeny"]
[Result "0-1"]
[WhiteElo "2022"]
[BlackElo "2559"]
[PlyCount "30"]
[EventDate "2005.07.23"]
[EventType "swiss"]
[EventRounds "9"]
[EventCountry "GER"]
[SourceTitle "EXT 2006"]
[Source "ChessBase"]
[SourceDate "2005.11.24"]
[SourceVersion "1"]
[SourceVersionDate "2005.11.24"]
[SourceQuality "1"]

1. e4 c5 2. Nf3 d6 3. d4 cxd4 4. Nxd4 Nf6 5. Nc3 Nc6 6. Bg5 Bd7 7. Bc4 Qa5 8. Bxf6 gxf6 9. Bb3 Rg8 10. Nde2 Rxg2 11. Ng3 Ne5 12. Qh5 Bg4 13. Bxf7+ Kd8 14. Qxh7 Qb6 15. Nd1 Bxd1 0-1